La borra del café /
Guardado en:
| Autor Principal: | |
|---|---|
| Formato: | Libro |
| Publicado: |
Buenos Aires :
Booket,
208 p.
|
| Edición: | 20 ed. |
| Series: | Novela
|
| Materias: | |
| Etiquetas: |
Agregar Etiqueta
Sin Etiquetas, Sea el primero en etiquetar este registro!
|
| LEADER | 00618nam a22002295a 4500 | ||
|---|---|---|---|
| 001 | CEM.cems013030 | ||
| 005 | 20081031094506.0 | ||
| 008 | 130507b######################000#0#####d | ||
| 003 | CEMS | ||
| 020 | |a 9789875801837 | ||
| 082 | 0 | 4 | |a U863.4 |
| 100 | 1 | |a Benedetti, Mario | |
| 245 | 1 | 0 | |a La borra del café / |c Mario Benedetti |
| 250 | |a 20 ed. | ||
| 260 | |a Buenos Aires : |b Booket, |c 208 p. | ||
| 300 | |a 208 p. | ||
| 490 | 0 | |a Novela | |
| 653 | |a Literatura | ||
| 653 | |a Literatura uruguaya | ||
| 653 | |a Novelas | ||
| 653 | |a Novela uruguaya-siglo 20 | ||
| 859 | |a CEMS |b BIB. CEMS - 11 de abril |h U863.4 |i B434-2-20 |p 25461.08 |t Ej.1 | ||
